|
LDR
| 02183nam a2200601 i 4500 |
|---|
| 001 | 52715 |
|---|
| 003 | CZ-PrJAB |
|---|
| 005 | 20180327080704.0 |
|---|
| 007 | ta |
|---|
| 008 | 180216s2017 xr ach e 000 0acze |
|---|
| 015 | | . |
‡acnb002978449 |
|---|
| 020 | | . |
‡a978-80-270-3578-6
‡q(v knize neuvedeno ;
‡qbrožováno) |
|---|
| 035 | | . |
‡a(CZ PrNK)nkc20182978449 |
|---|
| 035 | | . |
‡a(OCoLC)1028179574 |
|---|
| 040 | | . |
‡aABA001
‡bcze
‡erda |
|---|
| 043 | | . |
‡ae-xr--- |
|---|
| 045 | | . |
‡ax-x- |
|---|
| 072 | | 7. |
‡a323
‡xVnitropolitický vývoj, politický život
‡2Konspekt
‡915 |
|---|
| 080 | | . |
‡a(=411.16)
‡2MRF |
|---|
| 080 | | . |
‡a316.356.2
‡2MRF |
|---|
| 080 | | . |
‡a316.728
‡2MRF |
|---|
| 080 | | . |
‡a323.28
‡2MRF |
|---|
| 080 | | . |
‡a323.12"1939/1945"
‡2MRF |
|---|
| 080 | | . |
‡a94(100)"1939/1945"
‡2MRF |
|---|
| 080 | | . |
‡a(437.3)
‡2MRF |
|---|
| 080 | | . |
‡a(0:82-94)
‡2MRF |
|---|
| 100 | 1 | . |
‡aPoskočil, Stanislav,
‡d1934-
‡7hka2016899692
‡4aut |
|---|
| 245 | 1 | 0. |
‡aJitřenka :
‡búnik z pekla holocaustu /
‡cStanislav Poskočil |
|---|
| 264 | | 1. |
‡a[Jemnice] :
‡bStanislav Poskočil,
‡c2017 |
|---|
| 300 | | . |
‡a69 stran :
‡bilustrace, portréty, faksimile ;
‡c30 cm |
|---|
| 336 | | . |
‡atext
‡btxt
‡2rdacontent |
|---|
| 337 | | . |
‡abez média
‡bn
‡2rdamedia |
|---|
| 338 | | . |
‡asvazek
‡bnc
‡2rdacarrier |
|---|
| 500 | | . |
‡a250 výtisků |
|---|
| 600 | 1 | 7. |
‡aPoskočil, Stanislav,
‡d1934-
‡7hka2016899692
‡2czenas |
|---|
| 648 | | 7. |
‡a1939-1945
‡7ch460653
‡2czenas |
|---|
| 648 | | 7. |
‡a20. století
‡7ch460558
‡2czenas |
|---|
| 650 | 0 | 7. |
‡aŽidé
‡7ph127782
‡zČesko
‡y20. století
‡2czenas |
|---|
| 650 | 0 | 7. |
‡arodinné vztahy
‡7ph135535
‡2czenas |
|---|
| 650 | 0 | 7. |
‡akaždodenní život
‡7ph121555
‡zČesko
‡2czenas |
|---|
| 650 | 0 | 7. |
‡aŽidé
‡7ph127782
‡xperzekuce
‡y1939-1945
‡2czenas |
|---|
| 650 | 0 | 7. |
‡aholocaust (1939-1945)
‡7ph117203
‡2czenas |
|---|
| 650 | 0 | 7. |
‡adruhá světová válka (1939-1945)
‡7ph117270
‡2czenas |
|---|
| 650 | 0 | 9. |
‡aJews
‡zCzechia
‡y20th century
‡2eczenas |
|---|
| 650 | 0 | 9. |
‡afamily relationships
‡2eczenas |
|---|
| 650 | 0 | 9. |
‡aeveryday life
‡zCzechia
‡2eczenas |
|---|
| 650 | 0 | 9. |
‡aJews
‡xpersecutions
‡y1939-1945
‡2eczenas |
|---|
| 650 | 0 | 9. |
‡aholocaust (1939-1945)
‡2eczenas |
|---|
| 650 | 0 | 9. |
‡aWorld War (1939-1945)
‡2eczenas |
|---|
| 655 | | 7. |
‡aautobiografické příběhy
‡7fd131891
‡2czenas |
|---|
| 655 | | 9. |
‡aautobiographical stories
‡2eczenas |
|---|
| 910 | | . |
‡aABE461 |
|---|
| 995 | | . |
‡aska |
|---|
| 901 | | . |
‡a52715
‡bAUTOGEN
‡c52715
‡tbiblio |
|---|